Statistics for Science by Picture - I

Click here to take the quiz!

General Stats

  • This quiz has been taken 459 times
  • The average score is 9 of 15

Answer Stats

Answer% Correct
Iris
95%
Iguana
91%
Infinity
91%
Intestines
80%
Insect
76%
Iron
75%
{Isosceles} Triangle
71%
Ion
69%
Infrared
67%
Iodine
65%
Isthmus
28%
Isobar
25%
Inclined Plane
19%
Icecap
17%
Ichthyosaur
12%

Score Distribution

Percentile by Number Answered

Percent of People with Each Score

Your Score History

You have not taken this quiz